000 01316cam a22003617a 4500
003 CHAP
005 20220329134449.0
008 971013s1981 r 00010 d
010 _a20787
011 _a21759
035 _a25850
040 _cCHAP
082 _a338.1
_bA72
100 0 0 _aArnon, Isaac.
_97277
245 0 _aModernization of agriculture in developing countries
_b: resources, potentials and problems
260 _aChichester, England :
_bWiley,
_c1981
300 _a565 p.
_b: ilus. ; gráfs
490 0 _aEnvironmental monographs and symposia
590 _aBATCH-UPD
_b10
_c20130110
_lUCH01
_h0017
590 _aBATCH-UPD
_b10
_c20130110
_lUCH01
_h1017
590 _aBATCH-UPD
_b10
_c20130409
_lUCH01
_h1955
590 _aBATCH-UPD
_b10
_c20130410
_lUCH01
_h0623
590 _aBATCH-UPD
_b10
_c20130913
_lUCH01
_h2019
590 _aBATCH-UPD
_b10
_c20130914
_lUCH01
_h1933
590 _aCONVERSION
_b10
_c20130109
_lUCH01
_h1312
650 1 4 _aAgricultura
_xAspectos económicos
_xPaíses subdesarrollados.
_91281
650 1 4 _aAgricultura
_xInnovaciones tecnológicas.
_91565
650 1 4 _aAgricultura
_xPaíses subdesarrollados.
_91760
830 0 _aEnvironmental monographs and symposia
_937178
901 _aBK
942 _cLIBRO
949 _a338.1 A72
_bBC
_cLIBRO
_d33724000352944
_eLIBRO
_h59838
_i25850
_si
999 _c20787
_d20787